=LDR 00000nam 2200000 4500 =001 INLIS000000000008344 =005 20130612100230 =008 ***********************************Ind** =035 ##$$0010-061300000008344 =041 ##$$a Ind =082 ##$$a 2x1.1 =090 ##$$a 2x1.1, Suy a =100 ##$$a As-suyuthi, Imam =245 ##$$a apa tu Al-Quran, Imam s-Suyuthi =260 ##$$a 1993 $b Jakarta =300 ##$$a 158 hlm, 17 cm.; =650 ##$$a AlQuran